000 00710nam a22002177a 4500
003 UA-OsUOA
001 135536
007 ta
008 20190204b un ||||| |||| 00| 0 ukr d
100 _aТуровська Л.
090 _a81
_bТ88
942 _cSA
040 _aUA-OsUOA
_bukr
_cUA-OsUOA
_dUA-OsUOA
245 _aМакро- та мікроструктура термінологічного словника тлумачного типу
300 _aС.40-54
955 _a0
041 _aukr
080 _a81
773 0 _w135533
_tУкраїнська мова
_dК.
_d2018
_g3
650 7 _a8 Мовознавство. Художня література. Літературознавство
_2UDC
999 _c421974
_d421974